Kingdom of Netherlands : Netherlands; Selected Issues and Analytical Notes.

Important issues of the Netherlands are discussed. Openness to trade has benefited the Netherlands before the crisis and has supported the recent recovery process. However, both financial openness and trade linkages have also been a transmission channel for the financial crisis. Synchronized fiscal...

Descrizione completa

Dettagli Bibliografici
Ente Autore: International Monetary Fund
Natura: Periodico
Lingua:English
Pubblicazione: Washington, D.C. : International Monetary Fund, 2011.
Serie:IMF Staff Country Reports; Country Report ; No. 2011/143
Accesso online:Full text available on IMF
LEADER 01645cas a2200241 a 4500
001 AALejournalIMF007254
008 230101c9999 xx r poo 0 0eng d
020 |c 5.00 USD 
020 |z 9781455286645 
022 |a 1934-7685 
040 |a BD-DhAAL  |c BD-DhAAL 
110 2 |a International Monetary Fund. 
245 1 0 |a Kingdom of Netherlands :   |b Netherlands; Selected Issues and Analytical Notes. 
264 1 |a Washington, D.C. :  |b International Monetary Fund,  |c 2011. 
300 |a 1 online resource (144 pages) 
490 1 |a IMF Staff Country Reports 
500 |a <strong>Off-Campus Access:</strong> No User ID or Password Required 
500 |a <strong>On-Campus Access:</strong> No User ID or Password Required 
506 |a Electronic access restricted to authorized BRAC University faculty, staff and students 
520 3 |a Important issues of the Netherlands are discussed. Openness to trade has benefited the Netherlands before the crisis and has supported the recent recovery process. However, both financial openness and trade linkages have also been a transmission channel for the financial crisis. Synchronized fiscal tightening across Europe has important spillover effects for GDP growth. The improvement on the supply side of credit has contributed to a normalization of the credit market. However, the recent increase in the financial stress index indicates that the situation is still fragile. 
538 |a Mode of access: Internet 
830 0 |a IMF Staff Country Reports; Country Report ;  |v No. 2011/143 
856 4 0 |z Full text available on IMF  |u http://elibrary.imf.org/view/journals/002/2011/143/002.2011.issue-143-en.xml  |z IMF e-Library